000 00685nam a22002657a 4500
001 000201
003 DO-SdBNP
005 20180307130259.0
007 000201
008 151210b 1977 ve a 00| 0 spa d
040 _aBPMSU
_bspa
_cBPMSU
092 _axxxx
_bxxxx
100 1 _aHerrero H., Ricardo
245 1 0 _aHablemos con Jesús 2 /
_cRicardo Herrero H.
260 _aCaracas ;
_bEdiciones Co-Bo,
_c1977.
300 _a64 p.;
_bil.
_c24 cm.
490 1 _aVida
500 _aLibro de texto
586 _aPremio Ministerio de Cultura J. Buigas
830 0 _aVida
910 _a00144
942 _2ddc
_cBK
945 _ainventariado, 2018 / dg
956 _aYngrid Lockward
_b10
999 _c9385
_d9385